000 00414nam a2200181Ia 4500
001 16880
005 20260306170343.0
008 260306t1996||||xx |||||||||||||| ||und||
041 _aESP
082 _a657.3
_bB45 ej. 3
100 _aBernstein, Leopold
_eAUT
245 0 _aAnĂ¡lisis de estados financieros
260 _c1996
300 _a
_c
650 _aGEN
654 _aCCO
942 _cLIB
_dJUS
_fJUS
_2ddc
_n
999 _c16880
_d16880